1974 1006 1758 1843 1683 1378 1931 1788 1929 1543 1554 1290 1794 1873 1132 1795 1341 1637 1080 1488 1591 1123 1333 1463 1547 1068 1033 1295 1215 1157 1343 1453 1754 1782 1571 1597 1137 1684 1631 1732 1151 1279 1159 1012 1743 1722 1122 1770 1265 1711 1822 1998 1028 1429 1827 1838 1962 1163 1691 1496 1346 1519 1393 1344 1840 1494 1362 1620 1172 1049 1210 1978 1003 1292 1318 1126 1005 1132 1934 1057 1532 1434 1043 1285 1103 1215 1222 1484 1335 1919 1565 1316 1691 1970 1926 1396 1579 1352 1885 BCNSPRNW ULIB Ver.6.0+V

เปลี่ยนเป็นภาษาไทย

Change to English
 แสดงรายละเอียดบรรณานุกรม
  กลับหน้าหลัก

Brief Record : Get Marc (ISO 2709) : E-mail record : QR code < ปิดหน้าต่าง
LEADER : 00000nas 2200000uu 4500
001    13399124969
003     ULIB
008    160526s||||||||th 000 0 tha d
022 0  1905-7075
110 1  สำนักงานวารสาร ศูนย์อนามัยที่ 9 นครราชสีมา
245 00 วารสารศูนย์อนามัยที่ 9
246 0  วารสารส่งเสริมสุขภาพและอนามัยสิ่งแวดล้อม
310    ^aรายสี่เดือน
850 ^a ULIB^bปีที่ 9 ฉบับที่ 20 ฉ.1 ;ปีที่ 10 ฉบับที่ 21 ฉ.1 ;ปีที่ 10 ฉบับที่ 22 ฉ.1 ;ปีที่ 10 ฉบับที่ 23 ฉ.1 ;ปีที่ 11 ฉบับที่ 24 ฉ.1
856    http://hpc9.anamai.moph.go.th/main.php?filename=Strategic_Plan_05
945    ^p0^l0^i903818
945    ^p0^l0^i904023
945    ^p0^l0^i904055
945    ^p0^l0^i904427
945    ^p0^l0^i904617
999    ^aวรรณษา ชูชัยมงคล
รายการนี้ยังไม่มีแท็ก
คุณยังไม่ได้ล็อกอิน คุณสามารถมีกิจกรรมร่วมกับเว็บไซต์ได้ แต่ต้องล็อกอินก่อน ::
  ล็อกอิน

รายการสื่อสารสนเทศ (วารสาร)

ดูแบบ: กล่อง รายการ
ARRIVED
ปีที่ 9 ฉบับที่ 20 ฉ.1
สถานที่: ห้องสมุดวิทยาเขตสวรรค์ประชารักษ์ >หนังสือพิมพ์
ARRIVED
ปีที่ 10 ฉบับที่ 21 ฉ.1
สถานที่: ห้องสมุดวิทยาเขตสวรรค์ประชารักษ์ >หนังสือพิมพ์
ARRIVED
ปีที่ 10 ฉบับที่ 22 ฉ.1
สถานที่: ห้องสมุดวิทยาเขตสวรรค์ประชารักษ์ >หนังสือพิมพ์
ARRIVED
ปีที่ 10 ฉบับที่ 23 ฉ.1
สถานที่: ห้องสมุดวิทยาเขตสวรรค์ประชารักษ์ >หนังสือพิมพ์
ARRIVED
ปีที่ 11 ฉบับที่ 24 ฉ.1
สถานที่: ห้องสมุดวิทยาเขตสวรรค์ประชารักษ์ >วารสาร
รายการใกล้เคียง
    ชื่อเรื่อง [วารสารศูนย์อนามัยที่ 9]

BibComment


ยังไม่เคยถูกคอมเมนท์

คอมเมนท์ทรัพยากรรายการนี้
  คอมเมนท์: วารสารศูนย์อนามัย..


 Copyright 2026. Bcnsprnw @Library